000 01061nam a22002657a 4500
005 2011080406576.0
008 090728t xxu||||| |||| 00| 0 pun d
010 _aPUN-7096
020 _c25.00
035 _aPN-6214
037 _bDBAD / PUB
040 _adpl
_bpn
082 _a260
100 _924414
_aਗੋਗੋਆਣੀ, ਇੰਦਰਜੀਤ ਸਿੰਘ
245 _aਬਾਬਾ ਕੱਥਾ ਸਿੰਘ /
_bਇੰਦਰਜੀਤ ਸਿੰਘ ਗੋਗੋਆਣੀ
246 _aBaba katha Singh
_bby Inder jeet Singh Gogoani
260 _aਅੰਮ੍ਰਿਤਸਰ
_bਸ਼੍ਰੋਮਣੀ ਗੁਰਦੁਆਰਾ ਪ੍ਰਬੰਧਕ ਕਮੇਟੀ
_c2009
270 _aS.G.P.C.
_bAmritsar
_e143002
300 4 _a96p.
_c22ਸੇਂਮੀ (ਸਜਿਲੱਦ)
600 _931401
650 _924431
_aSikh Religious
700 _935472
942 _2ddc
_cPN
_h260
_mਗੋਗੋਆ
999 _c57548
_d57548